000 00906nam a22002417a 4500
003 BD-DhSAU
005 20181202171124.0
008 161006b2015 bg ad||| |||| 00| 0 eng d
040 _aBD-DhSAU
082 _222
_a338.1
_bB545
100 _aBiswas, Amaren
_4Registration No # 08-03089
245 _aGeneral banking system of Janata bank limited : (University Grants Commission Branch) / Internship Report
_cBiswas, Amaren
260 _aSher- e- Bangla Agricultural University ,Dhaka :
_bFaculty of Agribusiness management
_c2015
300 _a x ; 65 p. :
_bill. ;
_c30 cm.
504 _aIncludes biblio. references
590 _ashofi
650 _aAgribusiness
650 _aGeneral banking system
650 _a Janata bank limited
700 _aBegum, Rokeya
_4Supervisor
856 _uhttp://archive.saulibrary.edu.bd:8080/xmlui/handle/123456789/1842
_yOnline Access
942 _2ddc
_cINTERNSHIP
999 _c13973
_d13972